| 000 | 00879nac a22002657a 4500 | ||
|---|---|---|---|
| 001 | BR9300518 | ||
| 003 | BR-BrBNA | ||
| 005 | 20240105121343.0 | ||
| 008 | 230509b bl.|||m| |||| 00| 0 por d | ||
| 040 |
_aBR-BrBNA _bpor _cBiblioteca Nacional de Agricultura |
||
| 072 | _aM01 | ||
| 090 | _aM01 BR9300518 | ||
| 110 | 1 |
_aAssociacao de Credito e Assistencia Pesqueira de Santa Catarina, Florianopolis (Brasil) _9414 |
|
| 245 | 1 | _aRelatorio anual 1987 [ACARPESC] | |
| 260 | 3 |
_aFlorianopolis, SC (Brasil): _c1987. |
|
| 300 | _a38 p. | ||
| 490 |
_aRelatorio - Associacao de Credito e Assistencia Pesqueira de Santa Catarina (Brazil) _v _x |
||
| 500 | _a5 graphs; 19 illus. | ||
| 650 | _aPesca Artesanal | ||
| 650 | _aPiscicultura | ||
| 650 | _aComunidade Pesqueira | ||
| 650 | _aSanta Catarina | ||
| 909 |
_a202312 _bLúcia Elande _c55 _dLúcia Elande |
||
| 942 |
_2AGRIS _n0 _cMS |
||
| 999 |
_c284825 _d284825 |
||